Čipové karty v bankovnictví evropské banky již zahájily postupný přechod k čipovým kartám
Veľká Británia sa významnou mierou podieľa na vývoji a zavádzaní technológie čipových kariet. Asociácie Europay, MasterCard a VISA vytvorili pilotný projekt čipových kariet. Projektu sa zúčastňuje 13 bánk, špecialisti VISA, Europay, MasterCard a britských bankových systémov SWITCH a LINK. Hlavným ci...
Enregistré dans:
| Auteur principal: | |
|---|---|
| Format: | Chapitre de livre |
| Langue: | tchèque |
| Sujets: | |
| Tags: |
Pas de tags, Soyez le premier à ajouter un tag!
|
MARC
| LEADER | 00000naa a2200000 4500 | ||
|---|---|---|---|
| 001 | r031817 | ||
| 005 | 20230908085629.2 | ||
| 041 | 0 | |a cze | |
| 044 | |a CZ | ||
| 245 | 1 | 0 | |a Čipové karty v bankovnictví |b evropské banky již zahájily postupný přechod k čipovým kartám |c Pavel Juřík |
| 520 | |a Veľká Británia sa významnou mierou podieľa na vývoji a zavádzaní technológie čipových kariet. Asociácie Europay, MasterCard a VISA vytvorili pilotný projekt čipových kariet. Projektu sa zúčastňuje 13 bánk, špecialisti VISA, Europay, MasterCard a britských bankových systémov SWITCH a LINK. Hlavným cieľom projektu je obrana proti podvodníkom s platobnými kartami, úspora prevádzkových nákladov a možnosť ponúknutia doplnkových služieb (multifunkčné karty). | ||
| 610 | 2 | 0 | |a karty čipové |
| 610 | 2 | 0 | |a karty platobné |
| 610 | 2 | 0 | |a bankovníctvo |
| 610 | 2 | 0 | |a VISA |
| 610 | 2 | 0 | |a Europay |
| 610 | 2 | 0 | |a MasterCard |
| 100 | 1 | |a Juřík, Pavel | |